00612cam a2200157 a 4500020002800000082003200028100002000060245015600080260004600236526003700282650002500319650000900344650001800353700002200371856006100393 a0444826610 (alk. paper)00a532/.05358bHUIcN-01, P-561 aHuilgol, R. R.,10aFluid mechanics of viscoelasticitybgeneral principles, constitutive modelling, analytical, and numerical techniques /cR.R. Huilgol and N. Phan-Thien. aAmsterdam ;aNew York :bElsevier,c1997. a0b0c0d532_053580000000000_HUI 0aContinuum mechanics. 0aNUST 0aViscous flow.2 aPhan-Thien, Nhan.40uhttp://www.columbia.edu/cgi-bin/cul/resolve?clio10175539